Nežádoucí účinek: smrt [přiznání bývalého ředitele velké farmaceutické společnosti]

Podrobná bibliografia
Hlavný autor: Virapen, John, 1943- (Autor)
Ďalší autori: Musilová, Eva, 1925-2009 (Prekladateľ)
Médium: Kniha
Jazyk:čeština
angličtina
Fyzický popis:247 s. 20 cm
Vydavateľské údaje: Bratislava Slovart Print c2010
ISBN:9788081120817
Predmet:

MARC

LEADER 00000nam a2200000 a 4500
001 vtls010268631
003 SK-MaSNL
005 20260426005409.0
008 240314s2010 xo ho 000 0 cze
015 |a SNBA2011/12-06016 
020 |a 9788081120817  |q (brož.) 
035 |a DCCF2979-9EA5-46A1-970D-532FD6C03145 
035 |a urn:nbn:sk:snk-amjhhe 
035 |a urn:nbn:sk:snk-am002bhn 
040 |a SNK  |b slo  |c SNK  |e AACR2 
041 1 |a cze  |h eng 
044 |a xo  |c SK 
072 7 |a 615  |x Farmácia. Farmakológia  |2 konspekt 
080 |a 615.1:005.71  |2 2001 
080 |a 615:338.45  |2 2001 
080 |a 343.721  |2 2001 
080 |a 434.35  |2 2001 
080 |a (0:82-94)  |2 2001 
080 |a 005.742-057.162  |2 001 
080 |a 615.2/.3  |2 2001 
080 |a 615.065  |2 2001 
100 1 |a Virapen, John,  |d 1943-  |4 aut  |9 482819 
245 1 0 |a Nežádoucí účinek: smrt  |b [přiznání bývalého ředitele velké farmaceutické společnosti]  |c John Virapen ; [překlad Eva Musilová] 
260 |a Bratislava  |b Slovart Print  |c c2010 
300 |a 247 s.  |c 20 cm 
504 |a Bibliogr. odkazy 
600 1 7 |a Virapen, John,  |d 1943-  |2 SNKMA  |9 482819 
648 7 |a 20.-21. stor.  |2 SNKPH  |9 270701 
648 7 |a 20.-21th century  |2 SNKPHeng  |9 652522 
650 0 7 |a farmaceutické firmy  |2 SNKPH  |9 132135 
650 0 7 |a farmaceutický priemysel  |2 SNKPH  |9 73020 
650 0 7 |a lieky  |2 SNKPH  |9 2515 
650 0 7 |a korupcia  |2 SNKPH  |9 1699 
650 0 7 |a manažéri  |2 SNKPH  |9 1758 
650 0 7 |a vedľajšie účinky (lekárstvo)  |2 SNKPH  |9 652523 
650 0 7 |a Exucutives  |2 SNKPH  |9 652524 
650 0 7 |a Pharmaceutical business enterprises  |2 SNKPHeng  |9 275241 
650 0 7 |a Pharmaceutical industry  |2 SNKPHeng  |9 100163 
650 0 7 |a Drugs  |2 SNKPHeng  |9 305137 
650 0 7 |a Side-effects (medicine)  |2 SNKPHeng  |9 652525 
650 0 7 |a Corrupt practices  |2 SNKPHeng  |9 267777 
655 7 |a autobiografické spomienky  |2 SNKPH  |9 70489 
655 7 |a Autobiographical reminiscences  |2 SNKPHeng  |9 302514 
700 1 |a Musilová, Eva,  |d 1925-2009  |4 trl  |9 121795 
919 |a 978-80-8112-081-7 
958 |a UP 
958 |a CZ 
968 |a Čes  |b ENG  |d 61 
999 |c 1007092  |d 1009022 
952 |a SNK  |b SNK  |y PREZ  |7 0  |p 17A0701199  |o snkSD 80062  |i snk2011/8973  |8 0  |0 0  |1 0  |4 0  |d 2011-04-18  |l 0  |r 2025-11-27 00:00:00  |w 2026-02-24 
952 |a SNK  |b SNK  |y VYP  |7 0  |p 17A0696850  |o snkSD 80062 D1  |i snk2011/8974  |8 0  |0 0  |1 0  |4 0  |d 2011-04-18  |f 1  |l 0  |r 2017-06-30 00:00:00  |w 2026-02-24